Unemployment As a Social Problem

Dopady straty zamestnania pre ľudí zo sociálneho hľadiska vzhľadom na aktuálnu situáciu na Slovensku a vo svete. Formy nezamestnanosti.

Salvato in:
Dettagli Bibliografici
Autore principale: Barlašová, Terézia
Natura: Capitolo di libro
Lingua:inglese
Soggetti:
Tags: Aggiungi Tag
Nessun Tag, puoi essere il primo ad aggiungerne!!

MARC

LEADER 00000naa$a2200000$$$4500
001 0271727
005 20240502074303.4
041 0 |a eng 
044 |a SK 
245 1 0 |a Unemployment As a Social Problem  |c Terézia Barlašová 
520 |a Dopady straty zamestnania pre ľudí zo sociálneho hľadiska vzhľadom na aktuálnu situáciu na Slovensku a vo svete. Formy nezamestnanosti. 
610 2 0 |a zamestnanosť 
610 2 0 |a nezamestnanosť 
610 2 0 |a trh práce 
100 1 |a Barlašová, Terézia